The limits of morality / (Record no. 4812)

MARC details
000 -LEADER
fixed length control field 00576nam a22002057a 4500
005 - DATE & TIME
control field 20231025172319.0
008 - FIXED-LENGTH DATA ELEMENTS--GENERAL INFORMATION
fixed length control field 230321b |||||||| |||| 00| 0 eng d
020 ## - ISBN
International Standard Book Number 0198239165
040 ## - CATALOGING SOURCE
Original cataloging agency MCHV Library
041 ## - Language
Language English
082 ## - DDC NUMBER
Classification number 170
Book Number KAG
100 ## - MAIN ENTRY--PERSONAL NAME
Personal name Kagan, Shelly
245 ## - TITLE STATEMENT
Title The limits of morality /
Statement of responsibility Shelly Kagan
260 ## - PUBLICATION, DISTRIBUTION, ETC. (IMPRINT)
Place of publication, distribution, etc New York :
Name of publisher, distributor, etc Oxford University,
Date of publication, distribution, etc 1989.
300 ## - PHYSICAL DESCRIPTION
Pages xii, 415p. ;
Dimension 21cm.
490 ## - SERIES STATEMENT
SERIES STATEMENT Oxford ethics / edited by Derek Parfit
500 ## - GENERAL NOTE
General note Includes bibliographical references and index.
650 ## - Subject
Subject Ethics
942 ## - ADDED ENTRY ELEMENTS (KOHA)
Koha item type Books
Holdings
Location (home branch) Koha item type Koha date last seen Accession No. Koha full call number Koha issues (times borrowed) Date acquired Sublocation or collection (holding branch) Withdrawn status Not for loan Damaged status Source of classification or shelving scheme Lost status
MCHV Library Books 03/21/2023 HV2203 170 KAG   03/21/2023 MCHV Library       Dewey Decimal Classification  
Management Center for Human Values © 2022. All rights reserved